000 00681nam a2200253Ia 4500
003 OSt
005 20221005120145.0
006 a|||||r|||| 00| 0
007 ta
008 221004b |||||||| |||| 00| 0 eng d
024 _a57565
037 _cTextual
040 _aCRL
_cCRL
_beng
041 _2eng
_aeng
082 _aU:572, H4
110 _aGreat Britain.Naval inte--.div--.Geog--.section.
_9628611
245 0 _aDenmark
260 _c1944
490 _aGeographical handbook series,B.R.509.
650 _aGEOGRAPHY
700 _aGreat Britain.Naval inte--.div--.Geog--.section.
_9628612
942 _hU:572, H4
_cTEXL
_2cc
999 _c1037001
_d1037001